Statistics for Early Modern Battles - Map Quiz

Click here to take the quiz!

General Stats

  • This quiz has been taken 30 times
  • The average score is 10 of 22

Answers on the Map

Answers color-coded by a green-red scale on the quiz's map according to % correct below.
 

Answer Stats

Answer% Correct
Battle of Lützen
80%
Battle of Abukir
72%
Battle of Cartagena de Indias
72%
Battle of Haengju
72%
Battle of Lepanto
72%
Battle of Trenton
72%
Battle of Poltava
68%
Battle of Svensksund
64%
Battle of Krtsanisi
52%
Battle of Muizenberg
44%
Battle of Gravelines
40%
Battle of Ollantaytambo
40%
Battle of Signal Hill
40%
Battle of Bangkusay
32%
Battle of Guanabara Bay
32%
Battle of Gonaïves
28%
Battle of Wuchale
28%
Battle of Parramatta
24%
Battle of Cempoala
20%
Battle of Elmina
20%
Battle of Satara
20%
Battle of Attock
16%

Score Distribution

Percentile by Number Answered

Percent of People with Each Score

Your Score History

You have not taken this quiz